<?xml version="1.0" encoding="UTF-8"?><?xml-stylesheet type="text/xsl" href="static/style.xsl"?><OAI-PMH xmlns="http://www.openarchives.org/OAI/2.0/" xmlns:xsi="http://www.w3.org/2001/XMLSchema-instance" xsi:schemaLocation="http://www.openarchives.org/OAI/2.0/ http://www.openarchives.org/OAI/2.0/OAI-PMH.xsd"><responseDate>2026-05-14T08:51:28Z</responseDate><request verb="GetRecord" identifier="oai:riubu.ubu.es:10259/6070" metadataPrefix="marc">https://riubu.ubu.es/oai/request</request><GetRecord><record><header><identifier>oai:riubu.ubu.es:10259/6070</identifier><datestamp>2021-11-25T07:43:39Z</datestamp><setSpec>com_10259_5841</setSpec><setSpec>com_10259_5086</setSpec><setSpec>com_10259_2604</setSpec><setSpec>col_10259_5842</setSpec></header><metadata><record xmlns="http://www.loc.gov/MARC21/slim" xmlns:doc="http://www.lyncode.com/xoai" xmlns:xsi="http://www.w3.org/2001/XMLSchema-instance" xmlns:dcterms="http://purl.org/dc/terms/" xsi:schemaLocation="http://www.loc.gov/MARC21/slim http://www.loc.gov/standards/marcxml/schema/MARC21slim.xsd">
<leader>00925njm 22002777a 4500</leader>
<datafield tag="042" ind1=" " ind2=" ">
<subfield code="a">dc</subfield>
</datafield>
<datafield tag="720" ind1=" " ind2=" ">
<subfield code="a">Sáiz Manzanares, María Consuelo</subfield>
<subfield code="e">author</subfield>
</datafield>
<datafield tag="720" ind1=" " ind2=" ">
<subfield code="a">Casanova, Joana R.</subfield>
<subfield code="e">author</subfield>
</datafield>
<datafield tag="720" ind1=" " ind2=" ">
<subfield code="a">Lencastre, José Alberto</subfield>
<subfield code="e">author</subfield>
</datafield>
<datafield tag="720" ind1=" " ind2=" ">
<subfield code="a">Almeida, Leandro</subfield>
<subfield code="e">author</subfield>
</datafield>
<datafield tag="720" ind1=" " ind2=" ">
<subfield code="a">Martín Antón, Luis Jorge</subfield>
<subfield code="e">author</subfield>
</datafield>
<datafield tag="260" ind1=" " ind2=" ">
<subfield code="c">2022-01</subfield>
</datafield>
<datafield tag="520" ind1=" " ind2=" ">
<subfield code="a">La Educación Superior es uno de los motores del desarrollo social y económico de los países, teniendo como objetivo último el de facilitar una formación académica de calidad. En la actualidad, los modelos de enseñanza-aprendizaje en entornos virtuales implican retos importantes, específicamente en la actual situación por la COVID-19. Algunos de estos desafíos se abordarán en este estudio. Se trabajó con 225 estudiantes de tercero de grado en titulaciones de Ciencias de la Salud, a lo largo de dos cursos académicos impartidos durante la situación de pandemia. Los objetivos fueron: 1) comprobar si existían diferencias significativas en la satisfacción de los estudiantes con el proceso docente respecto del primer año de pandemia (se aplicó docencia e-Learning) vs. el segundo año (se aplicó docencia b-Learning); 2) comprobar si existían diferencias significativas en los resultados académicos entre ambos grupos. Se realizó una investigación cuantitativa (se utilizó un diseño factorial 2x2, ANOVA y ANCOVA) y otra cualitativa (se utilizó un diseño comparativo con análisis de categorización). Los resultados indican diferencias en algunos aspectos de la satisfacción y en los resultados de aprendizaje, a favor de la docencia en el segundo año. Los estudiantes valoraron positivamente el uso de metodologías activas y de recursos tecnológicos, si bien concluyeron que su uso exigía más tiempo de trabajo. Futuros estudios se dirigirán a contrastar la satisfacción de estudiantes en otras ramas de conocimiento.</subfield>
</datafield>
<datafield tag="520" ind1=" " ind2=" ">
<subfield code="a">Higher education is one of the driving forces behind the social and economic development of countries, with the ultimate aim of providing quality academic training. At present, teaching-learning models in virtual environments face a number of important challenges, particularly in the current situation caused by COVID-19. Some of these challenges will be addressed in this study. We worked with 225 third-year undergraduate students in health science degrees over two academic years during the pandemic. The objectives were: (1) to ascertain whether there were significant differences in student satisfaction with the teaching process in the first year of the pandemic (e-learning teaching) vs. the second year (b-learning teaching); (2) to determine whether there were significant differences in academic performance between the two groups. Quantitative research (using a 2x2 factorial design, ANOVA and ANCOVA) and qualitative research (using a comparative design with categorisation analysis) were carried out. The results indicate differences in some aspects of satisfaction and learning outcomes in favour of teaching in the second of the two years. Students rated the use of active methodologies and technological resources positively, although they concluded that their use required more work time. Future studies will seek to compare student satisfaction in other areas of knowledge.</subfield>
</datafield>
<datafield tag="024" ind2=" " ind1="8">
<subfield code="a">1134-3478</subfield>
</datafield>
<datafield tag="024" ind2=" " ind1="8">
<subfield code="a">http://hdl.handle.net/10259/6070</subfield>
</datafield>
<datafield tag="024" ind2=" " ind1="8">
<subfield code="a">10.3916/C70-2022-03</subfield>
</datafield>
<datafield tag="024" ind2=" " ind1="8">
<subfield code="a">1988-3293</subfield>
</datafield>
<datafield ind1=" " ind2=" " tag="653">
<subfield code="a">Aprendizaje en línea</subfield>
</datafield>
<datafield ind1=" " ind2=" " tag="653">
<subfield code="a">innovación tecnológica</subfield>
</datafield>
<datafield ind1=" " ind2=" " tag="653">
<subfield code="a">satisfacción</subfield>
</datafield>
<datafield ind1=" " ind2=" " tag="653">
<subfield code="a">aprendizaje basado en proyectos</subfield>
</datafield>
<datafield ind1=" " ind2=" " tag="653">
<subfield code="a">competencia digital</subfield>
</datafield>
<datafield ind1=" " ind2=" " tag="653">
<subfield code="a">COVID-19</subfield>
</datafield>
<datafield ind1=" " ind2=" " tag="653">
<subfield code="a">Online learning</subfield>
</datafield>
<datafield ind1=" " ind2=" " tag="653">
<subfield code="a">technology innovation</subfield>
</datafield>
<datafield ind1=" " ind2=" " tag="653">
<subfield code="a">satisfaction</subfield>
</datafield>
<datafield ind1=" " ind2=" " tag="653">
<subfield code="a">project based learning</subfield>
</datafield>
<datafield ind1=" " ind2=" " tag="653">
<subfield code="a">digital competence</subfield>
</datafield>
<datafield tag="245" ind1="0" ind2="0">
<subfield code="a">Satisfacción de los estudiantes con la docencia online&#xd;
en tiempos de COVID-19</subfield>
</datafield>
</record></metadata></record></GetRecord></OAI-PMH>